{"text_format":"3","workbook":"xlsx","n_sheets":1,"sheets":["t128"],"read":"whole","date_system":"1900"}

{"sheet":"t128","index":0,"n_rows":147,"n_cols":7,"rows_kept":147,"merged":[[0,0,0,6],[30,0,30,5],[44,0,44,5],[133,0,133,5]]}
["TABELA 128.1 - Estatísticas Agrícolas, Município de Catiguá, Estado de São Paulo, 2007/08."]
["ITEM","UNIDADE","N.DE UPAs","MÍNIMO","MÉDIO","MÁXIMO","TOTAL"]
["Distância à sede do município","km",153,{"v":1,"d":"1.0"},{"v":5.56,"d":"5.6"},{"v":12,"d":"12.0"},"-"]
["Área total","hectare",153,{"v":1,"d":"1.0"},{"v":95.06,"d":"95.1"},{"v":1082.8,"d":"1,082.8"},{"v":14543.9,"d":"14,543.9"}]
["Área com cultura perene","hectare",15,{"v":1,"d":"1.0"},{"v":25.61,"d":"25.6"},96.8,384.2]
["Área com cultura temporária","hectare",133,{"v":1,"d":"1.0"},{"v":85.68,"d":"85.7"},814.8,{"v":11396.1,"d":"11,396.1"}]
["Área com pastagem","hectare",58,0.5,{"v":11.24,"d":"11.2"},{"v":42,"d":"42.0"},651.7]
["Área com reflorestamento","hectare",12,0.4,{"v":9.49,"d":"9.5"},38.7,113.9]
["Área com vegetação natural","hectare",33,0.4,{"v":8.92,"d":"8.9"},{"v":29,"d":"29.0"},294.2]
["Área com vegetação de brejo e várzea","hectare",4,1.6,{"v":13.93,"d":"13.9"},{"v":26,"d":"26.0"},55.7]
["Área em descanso","hectare",32,{"v":1,"d":"1.0"},{"v":24.75,"d":"24.8"},{"v":240,"d":"240.0"},{"v":792,"d":"792.0"}]
["Área complementar","hectare",121,0.1,{"v":7.08,"d":"7.1"},99.6,856.1]
["Área das UPAs com (0, 1] ha","hectare",3,{"v":1,"d":"1.0"},{"v":1,"d":"1.0"},{"v":1,"d":"1.0"},{"v":3,"d":"3.0"}]
["Área das UPAs com (1, 2] ha","hectare",1,1.5,1.5,1.5,1.5]
["Área das UPAs com (2, 5] ha","hectare",7,{"v":3,"d":"3.0"},{"v":4.33,"d":"4.3"},4.9,30.3]
["Área das UPAs com (5, 10] ha","hectare",11,5.4,{"v":7.26,"d":"7.3"},9.6,79.9]
["Área das UPAs com (10, 20] ha","hectare",23,10.8,{"v":14.13,"d":"14.1"},19.3,325.1]
["Área das UPAs com (20, 50] ha","hectare",44,20.3,{"v":36,"d":"36.0"},48.4,{"v":1583.9,"d":"1,583.9"}]
["Área das UPAs com (50, 100] ha","hectare",21,50.8,{"v":68.88,"d":"68.9"},{"v":99,"d":"99.0"},{"v":1446.5,"d":"1,446.5"}]
["Área das UPAs com (100, 200] ha","hectare",24,{"v":104,"d":"104.0"},139.5,197.1,{"v":3348,"d":"3,348.0"}]
["Área das UPAs com (200, 500] ha","hectare",14,205.5,{"v":289.04,"d":"289.0"},431.9,{"v":4046.6,"d":"4,046.6"}]
["Área das UPAs com (500, 1.000] ha","hectare",4,503.3,{"v":649.08,"d":"649.1"},787.5,{"v":2596.3,"d":"2,596.3"}]
["Área das UPAs com (1.000, 2.000] ha","hectare",1,{"v":1082.8,"d":"1,082.8"},{"v":1082.8,"d":"1,082.8"},{"v":1082.8,"d":"1,082.8"},{"v":1082.8,"d":"1,082.8"}]
["Área das UPAs com (2.000, 5.000] ha","hectare","-","-","-","-","-"]
["Área das UPAs com (5.000, 10.000] ha","hectare","-","-","-","-","-"]
["Área das UPAs acima de 10.000 ha","hectare","-","-","-","-","-"]
["Familiares do proprietário que trabalham na UPA","unidade",49,{"v":1,"d":"1.0"},{"v":1.16,"d":"1.2"},{"v":3,"d":"3.0"},{"v":57,"d":"57.0"}]
["Trabalhadores permanentes","unidade",50,{"v":1,"d":"1.0"},{"v":4,"d":"4.0"},{"v":46,"d":"46.0"},{"v":200,"d":"200.0"}]
["Fonte: Secretaria de Agricultura e Abastecimento, CDRS/IEA, Projeto LUPA."]
[]
["TABELA 128.2 - Explorações Animais, Município de Catiguá, Estado de São Paulo, 2007/08."]
["ITEM","UNIDADE","N.DE UPAs","MÍNIMO","MÉDIO","MÁXIMO","TOTAL"]
["Asininos E Muares","cabeças",1,{"v":1,"d":"1.0"},{"v":1,"d":"1.0"},{"v":1,"d":"1.0"},{"v":1,"d":"1.0"}]
["Avicultura de Corte","cabeças/ano",1,{"v":30000,"d":"30,000.0"},{"v":30000,"d":"30,000.0"},{"v":30000,"d":"30,000.0"},{"v":30000,"d":"30,000.0"}]
["Bovinocultura de Corte","cabeças",8,{"v":2,"d":"2.0"},{"v":34.13,"d":"34.1"},{"v":80,"d":"80.0"},{"v":273,"d":"273.0"}]
["Bovinocultura Leiteira","cabeças",24,{"v":3,"d":"3.0"},{"v":10.33,"d":"10.3"},{"v":50,"d":"50.0"},{"v":248,"d":"248.0"}]
["Bovinocultura Mista","cabeças",44,{"v":2,"d":"2.0"},{"v":16.98,"d":"17.0"},{"v":100,"d":"100.0"},{"v":747,"d":"747.0"}]
["Bubalinocultura","cabeças",1,{"v":31,"d":"31.0"},{"v":31,"d":"31.0"},{"v":31,"d":"31.0"},{"v":31,"d":"31.0"}]
["Caprinocultura","cabeças",3,{"v":20,"d":"20.0"},{"v":33.33,"d":"33.3"},{"v":40,"d":"40.0"},{"v":100,"d":"100.0"}]
["Equinocultura","cabeças",42,{"v":1,"d":"1.0"},{"v":4.07,"d":"4.1"},{"v":20,"d":"20.0"},{"v":171,"d":"171.0"}]
["Ovinocultura","cabeças",4,{"v":20,"d":"20.0"},{"v":48.75,"d":"48.8"},{"v":120,"d":"120.0"},{"v":195,"d":"195.0"}]
["Suinocultura","cabeças",13,{"v":2,"d":"2.0"},{"v":14.46,"d":"14.5"},{"v":60,"d":"60.0"},{"v":188,"d":"188.0"}]
["Fonte: Secretaria de Agricultura e Abastecimento, CDRS/IEA, Projeto LUPA."]
[]
["TABELA 128.3 -  Máquinas, Implementos e Benfeitorias, Município de Catiguá, Estado de São Paulo, 2007/08."]
["ITEM","UNIDADE","N.DE UPAs","MÍNIMO","MÉDIO","MÁXIMO","TOTAL"]
["Arado Comum (Bacia, Aiveca)","Unidade",7,{"v":1,"d":"1.0"},{"v":1.71,"d":"1.7"},{"v":5,"d":"5.0"},{"v":12,"d":"12.0"}]
["Arado Escarificador","Unidade",28,{"v":1,"d":"1.0"},{"v":1.75,"d":"1.8"},{"v":8,"d":"8.0"},{"v":49,"d":"49.0"}]
["Arado Subsolador","Unidade",11,{"v":1,"d":"1.0"},{"v":1.36,"d":"1.4"},{"v":3,"d":"3.0"},{"v":15,"d":"15.0"}]
["Câmara Fria","Unidade",1,{"v":1,"d":"1.0"},{"v":1,"d":"1.0"},{"v":1,"d":"1.0"},{"v":1,"d":"1.0"}]
["Carregadeira de Cana","Unidade",11,{"v":1,"d":"1.0"},{"v":2.27,"d":"2.3"},{"v":7,"d":"7.0"},{"v":25,"d":"25.0"}]
["Conj.Irrigação Autopropelido","Unidade",1,{"v":2,"d":"2.0"},{"v":2,"d":"2.0"},{"v":2,"d":"2.0"},{"v":2,"d":"2.0"}]
["Conj.Irrigação Convencional","Unidade",8,{"v":1,"d":"1.0"},{"v":1.63,"d":"1.6"},{"v":4,"d":"4.0"},{"v":13,"d":"13.0"}]
["Conjunto de Fenação","Unidade",1,{"v":1,"d":"1.0"},{"v":1,"d":"1.0"},{"v":1,"d":"1.0"},{"v":1,"d":"1.0"}]
["Desintegrador, Picador, Triturador","Unidade",35,{"v":1,"d":"1.0"},{"v":1.17,"d":"1.2"},{"v":3,"d":"3.0"},{"v":41,"d":"41.0"}]
["Ensiladeira","Unidade",2,{"v":1,"d":"1.0"},{"v":1,"d":"1.0"},{"v":1,"d":"1.0"},{"v":2,"d":"2.0"}]
["Grade Aradora (Tipo Romi)","Unidade",4,{"v":1,"d":"1.0"},{"v":1.25,"d":"1.3"},{"v":2,"d":"2.0"},{"v":5,"d":"5.0"}]
["Implementos para Tração Animal","Unidade",6,{"v":1,"d":"1.0"},{"v":1.17,"d":"1.2"},{"v":2,"d":"2.0"},{"v":7,"d":"7.0"}]
["Microtrator","Unidade",2,{"v":1,"d":"1.0"},1.5,{"v":2,"d":"2.0"},{"v":3,"d":"3.0"}]
["Ordenhadeira Mecânica","Unidade",1,{"v":1,"d":"1.0"},{"v":1,"d":"1.0"},{"v":1,"d":"1.0"},{"v":1,"d":"1.0"}]
["Pulverizador Tratorizado","Unidade",35,{"v":1,"d":"1.0"},{"v":1.63,"d":"1.6"},{"v":5,"d":"5.0"},{"v":57,"d":"57.0"}]
["Semeadeira/Plantadeira Plantio Direto","Unidade",5,{"v":1,"d":"1.0"},{"v":1,"d":"1.0"},{"v":1,"d":"1.0"},{"v":5,"d":"5.0"}]
["Terraceador","Unidade",8,{"v":1,"d":"1.0"},{"v":1.38,"d":"1.4"},{"v":2,"d":"2.0"},{"v":11,"d":"11.0"}]
["Trator de Esteiras","Unidade",5,{"v":1,"d":"1.0"},{"v":1,"d":"1.0"},{"v":1,"d":"1.0"},{"v":5,"d":"5.0"}]
["Trator de Pneus","Unidade",52,{"v":1,"d":"1.0"},{"v":2.69,"d":"2.7"},{"v":28,"d":"28.0"},{"v":140,"d":"140.0"}]
["Açude/Represa","Unidade",13,{"v":1,"d":"1.0"},{"v":1.38,"d":"1.4"},{"v":3,"d":"3.0"},{"v":18,"d":"18.0"}]
["Almoxarifado/Oficina","Unidade",13,{"v":1,"d":"1.0"},{"v":1.15,"d":"1.2"},{"v":2,"d":"2.0"},{"v":15,"d":"15.0"}]
["Armazém para Grãos Ensacados","Sacas",1,{"v":7500,"d":"7,500.0"},{"v":7500,"d":"7,500.0"},{"v":7500,"d":"7,500.0"},{"v":7500,"d":"7,500.0"}]
["Barracão/Galpão/Garagem","Unidade",50,{"v":1,"d":"1.0"},{"v":1.76,"d":"1.8"},{"v":7,"d":"7.0"},{"v":88,"d":"88.0"}]
["Casa de Moradia Habitada","Unidade",63,{"v":1,"d":"1.0"},{"v":3.27,"d":"3.3"},{"v":23,"d":"23.0"},{"v":206,"d":"206.0"}]
["Casa de Moradia Total","Unidade",46,{"v":1,"d":"1.0"},{"v":4.41,"d":"4.4"},{"v":23,"d":"23.0"},{"v":203,"d":"203.0"}]
["Curral/Mangueira","Unidade",46,{"v":1,"d":"1.0"},{"v":1.13,"d":"1.1"},{"v":2,"d":"2.0"},{"v":52,"d":"52.0"}]
["Depósito/Tulha","Unidade",31,{"v":1,"d":"1.0"},{"v":1.23,"d":"1.2"},{"v":2,"d":"2.0"},{"v":38,"d":"38.0"}]
["Estábulo","Unidade",1,{"v":1,"d":"1.0"},{"v":1,"d":"1.0"},{"v":1,"d":"1.0"},{"v":1,"d":"1.0"}]
["Estufa/Plasticultura","m²",1,{"v":200,"d":"200.0"},{"v":200,"d":"200.0"},{"v":200,"d":"200.0"},{"v":200,"d":"200.0"}]
["Instalações para Equinos","Unidade",3,{"v":1,"d":"1.0"},{"v":4,"d":"4.0"},{"v":6,"d":"6.0"},{"v":12,"d":"12.0"}]
["Máquina de Benefício","Unidade",3,{"v":1,"d":"1.0"},{"v":1,"d":"1.0"},{"v":1,"d":"1.0"},{"v":3,"d":"3.0"}]
["Olaria","Unidade",1,{"v":2,"d":"2.0"},{"v":2,"d":"2.0"},{"v":2,"d":"2.0"},{"v":2,"d":"2.0"}]
["Packing House","Unidade",1,{"v":1,"d":"1.0"},{"v":1,"d":"1.0"},{"v":1,"d":"1.0"},{"v":1,"d":"1.0"}]
["Pocilga","Unidade",13,{"v":1,"d":"1.0"},{"v":4.85,"d":"4.9"},{"v":14,"d":"14.0"},{"v":63,"d":"63.0"}]
["Poço Semi-Artesiano","Unidade",40,{"v":1,"d":"1.0"},1.1,{"v":3,"d":"3.0"},{"v":44,"d":"44.0"}]
["Terreiro","m²",20,{"v":100,"d":"100.0"},{"v":1977.75,"d":"1,977.8"},{"v":20000,"d":"20,000.0"},{"v":39555,"d":"39,555.0"}]
["Fonte: Secretaria de Agricultura e Abastecimento, CDRS/IEA, Projeto LUPA."]
[]
["TABELA 128.4 - Outras Estatísticas Agrícolas, Município de Catiguá, Estado de São Paulo, 2007/08."]
["ITEM","Número de UPAs",null,"Percentual"]
["Faz Parte de Associação de Produtores",115,null,{"v":75.16339869281046,"d":"75.2"}]
["Faz Parte de Cooperativa de Produtores",134,null,{"v":87.58169934640523,"d":"87.6"}]
["Faz Parte do Sindicato de Produtores",120,null,{"v":78.4313725490196,"d":"78.4"}]
["Não utiliza assistência técnica ",2,null,{"v":1.3071895424836601,"d":"1.3"}]
["Utiliza somente assistência técnica governamental ",1,null,{"v":0.6535947712418301,"d":"0.7"}]
["Utiliza somente assistência técnica privada ",1,null,{"v":0.6535947712418301,"d":"0.7"}]
["Utiliza assistência técnica tanto governamental quanto privada",149,null,{"v":97.38562091503267,"d":"97.4"}]
["Utiliza Crédito Rural",42,null,{"v":27.450980392156865,"d":"27.5"}]
["Utiliza Seguro Rural",10,null,{"v":6.535947712418301,"d":"6.5"}]
["Utiliza Escrituração Agrícola",126,null,{"v":82.35294117647058,"d":"82.4"}]
["Acessa Internet p/ Fins na Agropecuária",90,null,{"v":58.82352941176471,"d":"58.8"}]
["Utiliza Computador nas Atividades Agropecuárias",98,null,{"v":64.05228758169935,"d":"64.1"}]
["Utiliza Energia Elétrica Para Uso na Atividade Agrícola",142,null,{"v":92.81045751633987,"d":"92.8"}]
["Realiza Análise de Solo, quando necessário",142,null,{"v":92.81045751633987,"d":"92.8"}]
["Utiliza Práticas de Conservação de Solo, quando necessário",151,null,{"v":98.69281045751634,"d":"98.7"}]
["Faz Adubação Mineral, quando necessário",148,null,{"v":96.73202614379085,"d":"96.7"}]
["Faz Adubação Orgânica, quando necessário",139,null,{"v":90.84967320261437,"d":"90.8"}]
["Faz Adubação Verde, quando necessário",129,null,{"v":84.31372549019608,"d":"84.3"}]
["Utiliza Manejo Integrado de Pragas (MIP)","-",null,"-"]
["Utiliza Hidroponia","-",null,"-"]
["Utiliza Plasticultura",2,null,{"v":1.3071895424836601,"d":"1.3"}]
["Utiliza Mudas Fiscalizadas",95,null,{"v":62.091503267973856,"d":"62.1"}]
["Utiliza Semente Melhorada",11,null,{"v":7.18954248366013,"d":"7.2"}]
["Faz Confinamento de Bovinos",3,null,{"v":1.9607843137254901,"d":"2.0"}]
["Utiliza Pastejo Intensivo",39,null,{"v":25.490196078431374,"d":"25.5"}]
["Faz Inseminação Artificial","-",null,"-"]
["Faz Mineralização do Rebanho",46,null,{"v":30.065359477124183,"d":"30.1"}]
["Faz Vermifugação do Rebanho",46,null,{"v":30.065359477124183,"d":"30.1"}]
["Possui Parceiros /Arrendatários na Exploração Animal",15,null,{"v":9.80392156862745,"d":"9.8"}]
["Esporte e lazer",1,null,{"v":0.6535947712418301,"d":"0.7"}]
["Extração mineral","-",null,"-"]
["Hotel Fazenda, Pousada ou SPA","-",null,"-"]
["Pesque-pague","-",null,"-"]
["Restaurante ou Lanchonete","-",null,"-"]
["Transformação artesanal","-",null,"-"]
["Turismo rural ou ecoturismo","-",null,"-"]
["Outras atividades econômicas rurais",1,null,{"v":0.6535947712418301,"d":"0.7"}]
["Agroindústria",2,null,{"v":1.3071895424836601,"d":"1.3"}]
["Proprietário sem instrução ou com instrução incompleta","-",null,"-"]
["Proprietário com antigo primário completo",4,null,{"v":2.6143790849673203,"d":"2.6"}]
["Proprietário com 1° grau (ou antigo ginasial) completo",3,null,{"v":1.9607843137254901,"d":"2.0"}]
["Proprietário com 2° grau (ou antigo colegial) completo",40,null,{"v":26.143790849673202,"d":"26.1"}]
["Proprietário com curso superior completo ",65,null,{"v":42.48366013071896,"d":"42.5"}]
["Pessoa Jurídica",41,null,{"v":26.79738562091503,"d":"26.8"}]
["Proprietário residente na própria UPA ",13,null,{"v":8.49673202614379,"d":"8.5"}]
["Fonte: Secretaria de Agricultura e Abastecimento, CDRS/IEA, Projeto LUPA."]
[]
["TABELA 128.5 - Área Cultivada, Município de Catiguá, Estado de São Paulo, 2007/08."]
["CULTURA","N.DE UPAs","MÍNIMO","MÉDIO","MÁXIMO","TOTAL"]
["Cana-de-acucar",132,{"v":1,"d":"1.0"},{"v":86.22,"d":"86.2"},814.8,{"v":11380.5,"d":"11,380.5"}]
["Braquiaria",50,0.5,{"v":11.68,"d":"11.7"},{"v":42,"d":"42.0"},{"v":584,"d":"584.0"}]
["Laranja",8,{"v":6,"d":"6.0"},{"v":34.05,"d":"34.1"},96.8,272.4]
["Eucalipto",12,0.4,{"v":9.49,"d":"9.5"},38.7,113.9]
["Seringueira",4,{"v":1,"d":"1.0"},{"v":18,"d":"18.0"},51.7,{"v":72,"d":"72.0"}]
["Outras gramineas para pastagem",5,3.5,{"v":9.66,"d":"9.7"},{"v":15,"d":"15.0"},48.3]
["Limao",5,1.6,{"v":6.08,"d":"6.1"},12.4,30.4]
["Milho",3,{"v":5,"d":"5.0"},7.6,10.8,22.8]
["Gramas",3,4.7,{"v":6.47,"d":"6.5"},8.1,19.4]
["Cafe",1,9.4,9.4,9.4,9.4]
["Lentilha",1,1.5,1.5,1.5,1.5]
["Fonte: Secretaria de Agricultura e Abastecimento, CDRS/IEA, Projeto LUPA."]